The blue pool /

Saved in:
Bibliographic Details
Main Author: Valentine
Format: Book
Language:English
Published: London : Ward Lock, [19--]
LEADER 00669cam a22001937a 4500
001 c000108029
003 CARM
005 19990211000000.0
008 990211q19uu1966enk 000 1 eng d
019 1 |a 14499656  |5 LACONCORD2021 
035 |a (OCoLC)222311248  |5 LACONCORD2021 
040 |a VLINC  |b eng  |c VLINC 
100 0 |a Valentine. 
245 1 4 |a The blue pool /  |c by Valentine. 
260 |a London :  |b Ward Lock,  |c [19--] 
300 |a 256 p. 
852 8 |b CARM  |h A2:AJ03G0  |i A02110  |p 0154746  |f BK 
999 f f |i b217ce7c-830d-524d-acb1-d6c87a3116ce  |s 494bad53-fc8b-5fb5-8faf-91b3ac6b4558 
952 f f |p Can circulate  |a CAVAL  |b CAVAL  |c CAVAL  |d CARM 1 Store  |e A02110  |f A2:AJ03G0  |h Other scheme  |i book  |m 0154746